| 000 | 00903nam a2200265Ia 4500 | ||
|---|---|---|---|
| 003 | OSt | ||
| 005 | 20220923211354.0 | ||
| 006 | a|||||r|||| 00| 0 | ||
| 007 | ta | ||
| 008 | 220922b |||||||| |||| 00| 0 hin d | ||
| 020 |
_a9788187482840 (hbk) _c180 |
||
| 024 | _a353,042 | ||
| 037 |
_bGV718, 09/03/2020, Vani Prakashan _cTextual |
||
| 040 |
_aARTS _cARTS _bhin |
||
| 041 |
_2hin _ahin |
||
| 082 | _aP152,6, 152P8 | ||
| 100 |
_aबिष्ट, पंकज, ले. _9156363 |
||
| 245 | 0 | _aहिन्दी का पक्ष | |
| 246 | _aHindī kā pakṣha | ||
| 260 |
_aबीकानेर _b वाग्देवी प्रकाशन _c2008 |
||
| 300 |
_a151पृ. _ccm. |
||
| 650 | _aहिन्दी भाषा | ||
| 942 |
_hP152,6, 152P8 _cTEXL _2CC |
||
| 999 |
_c298879 _d298879 |
||